000 00478cam a2200181 4500
001 D6720
008 090401t1975 xxu||||| |||| 00| 0 eng d
035 _a(Sirsi) u2603
041 _aeng
050 _a728.09
100 _aLloyd, Nathaniel
245 2 _aA history of the English house from primitive times to the Victorian period
260 _aLondon
_bArchitectural Press
_c1975
300 _aviii. 487p. ill. 30cm
350 _a8.95
942 _n0
948 _c04/03/1997
999 _c85788
_d85788